[Event "DEM U12 2012"]
[Site "Oberhof GER"]
[Date "2012.05.29"]
[Round "5"]
[White "Cejda, Cecilia"]
[Black "Sauer, Annika"]
[Result "0-1"]
[Termination "normal"]
[Board "35"]
[WhiteElo "1330"]
[BlackElo "1501"]
[PlyCount "110"]
[WhiteFideId "12921122"]
[BlackFideId "12952052"]
[EventCountry "GER"]
[EventRounds "11"]
[EventType "swiss"]
[EventDate "2012.05.26"]

1. e4 d5 2. exd5 Qxd5 3. Nc3 Qa5 4. d4 c6 5. Bc4 Bf5 6. Nf3 Nf6 7. Bd2 Qc7 8.
Qe2 e6 9. O-O-O Nbd7 10. Ne5 Bd6 11. Bf4 Rf8 12. h3 h6 13. g4 Bh7 14. Bg3 O-O-O
15. h4 Nd5 16. Bxd5 exd5 17. f4 f6 18. Nxd7 Rxd7 19. Rhf1 Re7 20. Qh2 Rfe8 21.
Rf3 Re3 22. Rxe3 Rxe3 23. Qf2 Rxg3 24. Rf1 Rxg4 25. Qe2 Bxf4+ 26. Kb1 Rxh4 27.
Rf3 Rh2 28. Qe8+ Qd8 29. Qxd8+ Kxd8 30. a4 Bxc2+ 31. Ka2 Bd2 32. Rg3 Bxc3 33.
bxc3 Bxa4+ 34. Ka3 b5 35. Rxg7 Rc2 36. Rxa7 Rxc3+ 37. Kb2 Rb3+ 38. Kc1 Rd3 39.
Rh7 Bb3 40. Rxh6 Ke7 41. Rh7+ Ke6 42. Rc7 Rxd4 43. Rxc6+ Ke5 44. Rc8 Rc4+ 45.
Rxc4 bxc4 46. Kd2 f5 47. Ke3 c3 48. Kd3 c2 49. Kd2 f4 50. Kc1 f3 51. Kd2 f2 52.
Kc1 f1=Q+ 53. Kb2 c1=Q+ 54. Kxb3 Qb5+ 55. Ka2 Qcb2# 0-1

[Event "DEM U12 2012"]
[Site "Oberhof GER"]
[Date "2012.05.29"]
[Round "5"]
[White "Müller, Sophie"]
[Black "Usczeck, Alina"]
[Result "1-0"]
[Termination "normal"]
[Board "36"]
[WhiteElo "1435"]
[BlackElo "1255"]
[PlyCount "103"]
[WhiteFideId "12926698"]
[BlackFideId "12938114"]
[EventCountry "GER"]
[EventRounds "11"]
[EventType "swiss"]
[EventDate "2012.05.26"]

1. Nf3 c5 2. g3 Nc6 3. Bg2 e5 4. d3 g6 5. O-O d6 6. c4 Bg7 7. Nc3 Nge7 8. a3
O-O 9. Qc2 h6 10. Rb1 a5 11. Bd2 Be6 12. Qc1 Kh7 13. Ne4 f5 14. Neg5+ hxg5 15.
Nxg5+ Kg8 16. Nxe6 Qd7 17. Nxf8 Rxf8 18. Bxc6 Nxc6 19. Qe1 f4 20. Kg2 Rf5 21.
g4 Rg5 22. f3 Nd4 23. h4 Rxg4+ 24. fxg4 Qxg4+ 25. Kh2 Nxe2 26. Qf2 Bf6 27. Qf3
Qxh4+ 28. Qh3 Qg5 29. Rbe1 Ng3 30. Rg1 Bg7 31. Bxa5 Qf6 32. Qc8+ Kh7 33. Qd8
Qf5 34. Qh4+ Kg8 35. Rxg3 fxg3+ 36. Qxg3 Bh6 37. Qg2 Qxd3 38. Qd5+ Qxd5 39.
cxd5 Kf7 40. Bc7 Ke7 41. Re4 Bf4+ 42. Kg2 Kd7 43. Ba5 Ke7 44. Bb6 Bc1 45. Re2
Kd7 46. Rc2 Be3 47. b4 Bd4 48. bxc5 dxc5 49. Bxc5 Bxc5 50. Rxc5 Kd6 51. Rb5 Kc7
52. Kf3 1-0

[Event "DEM U12 2012"]
[Site "Oberhof GER"]
[Date "2012.05.29"]
[Round "5"]
[White "Gericke, Nicholas"]
[Black "Simon, Tessa"]
[Result "0-1"]
[Termination "normal"]
[Board "37"]
[WhiteElo "1188"]
[BlackElo "1438"]
[PlyCount "36"]
[WhiteFideId "12952141"]
[BlackFideId "12929395"]
[EventCountry "GER"]
[EventRounds "11"]
[EventType "swiss"]
[EventDate "2012.05.26"]

1. e4 c5 2. Nf3 Nc6 3. d4 cxd4 4. Nxd4 Nf6 5. Nc3 e5 6. Nf3 Bb4 7. Bd2 Bxc3 8.
Bxc3 Nxe4 9. Bxe5 Nxe5 10. Nxe5 Qa5+ 11. c3 Qxe5 12. Qe2 d6 13. O-O-O O-O 14.
Rd3 Qf4+ 15. Kb1 Nxf2 16. b3 Bf5 17. Kb2 Nxd3+ 18. Ka3 Rae8 0-1

[Event "DEM U12 2012"]
[Site "Oberhof GER"]
[Date "2012.05.29"]
[Round "5"]
[White "Wallat, Jessica"]
[Black "Riegel, Arinna"]
[Result "1/2-1/2"]
[Termination "normal"]
[Board "38"]
[WhiteElo "1596"]
[BlackElo "1161"]
[PlyCount "92"]
[WhiteFideId "12909637"]
[BlackFideId "12931446"]
[EventCountry "GER"]
[EventRounds "11"]
[EventType "swiss"]
[EventDate "2012.05.26"]

1. e4 d5 2. exd5 Qxd5 3. Nc3 Qd6 4. g3 Nf6 5. Bg2 c6 6. h3 Bf5 7. d3 e6 8. Nf3
Qc7 9. O-O Nbd7 10. Be3 Bd6 11. a3 O-O 12. Rb1 a5 13. Qd2 h6 14. b4 axb4 15.
axb4 Ra3 16. Ne2 Nd5 17. b5 cxb5 18. Rxb5 Nxe3 19. Qxe3 Qxc2 20. Rc1 Qxd3 21.
Qxd3 Bxd3 22. Rb2 Bxe2 23. Rxe2 Nf6 24. Rb1 Rb8 25. Reb2 Ra7 26. Nd2 Be5 27.
Rxb7 Raxb7 28. Rxb7 Rxb7 29. Bxb7 Nd5 30. Kf1 Kf8 31. Ke2 Ke7 32. Nc4 Ba1 33.
Kd3 Nf6 34. g4 Nd7 35. Bg2 Nc5+ 36. Ke2 e5 37. f3 f6 38. Ne3 g6 39. h4 Bd4 40.
Bh3 Bxe3 41. Kxe3 Ne6 42. Bf1 g5 43. h5 Nf4 44. Ke4 Kf7 45. Bc4+ Kg7 46. Bd5
Nh3 1/2-1/2

[Event "DEM U12 2012"]
[Site "Oberhof GER"]
[Date "2012.05.29"]
[Round "5"]
[White "Walker, Julia"]
[Black "Hacklinger, Dilan"]
[Result "1-0"]
[Termination "normal"]
[Board "39"]
[WhiteElo "1370"]
[BlackElo "1151"]
[PlyCount "75"]
[WhiteFideId "1271852"]
[BlackFideId "12952150"]
[EventCountry "GER"]
[EventRounds "11"]
[EventType "swiss"]
[EventDate "2012.05.26"]

1. e4 e6 2. d4 d5 3. exd5 exd5 4. c4 Nf6 5. Nc3 Bb4 6. Nf3 O-O 7. Be2 Be6 8.
Qb3 Bxc3+ 9. bxc3 b6 10. O-O Re8 11. Be3 c6 12. cxd5 Nxd5 13. c4 Nxe3 14. fxe3
Bg4 15. Qd3 Qe7 16. Ne5 Bxe2 17. Qxe2 f6 18. Ng4 h5 19. Nf2 Qxe3 20. Qxh5 Rd8
21. Rfe1 Qxd4 22. Rad1 Qxd1 23. Rxd1 Rxd1+ 24. Qxd1 c5 25. Qd5+ Kh7 26. Qxa8
Nd7 27. Qxa7 Ne5 28. Qxb6 Nxc4 29. Qxc5 Ne5 30. Qc2+ Ng6 31. a4 Kh6 32. Qxg6+
Kxg6 33. a5 Kg5 34. a6 Kf4 35. a7 Ke5 36. a8=Q g5 37. Qe4+ Kd6 38. Nd3 1-0

[Event "DEM U12 2012"]
[Site "Oberhof GER"]
[Date "2012.05.29"]
[Round "5"]
[White "Peters, Theresa"]
[Black "Denkert, Anna"]
[Result "0-1"]
[Termination "normal"]
[Board "40"]
[WhiteElo "1070"]
[BlackElo "1519"]
[PlyCount "66"]
[WhiteFideId "12952192"]
[BlackFideId "12938122"]
[EventCountry "GER"]
[EventRounds "11"]
[EventType "swiss"]
[EventDate "2012.05.26"]

1. d4 d5 2. Nf3 Nf6 3. Bf4 g6 4. e3 Bg7 5. Bd3 c5 6. dxc5 Qa5+ 7. Nbd2 Qxc5 8.
O-O O-O 9. c4 Nc6 10. cxd5 Nxd5 11. Rc1 Qb6 12. Nc4 Qd8 13. Be5 Nxe5 14. Ncxe5
Qa5 15. Be4 Nxe3 16. Qe1 Qxe1 17. Rfxe1 Nf5 18. Nd3 Rd8 19. b3 Nd6 20. Nc5 Nxe4
21. Rxe4 Bf5 22. Rxe7 Rac8 23. Ree1 Bb2 24. Rc4 b5 25. Nb7 bxc4 26. Nxd8 c3 27.
Nd4 Rxd8 28. Nxf5 gxf5 29. g3 c2 30. Kg2 Rd1 31. Re8+ Kg7 32. Rc8 c1=Q 33. Rxc1
Rxc1 0-1

[Event "DEM U12 2012"]
[Site "Oberhof GER"]
[Date "2012.05.29"]
[Round "5"]
[White "Möller, Hannah"]
[Black "Lai Hop, Long"]
[Result "0-1"]
[Termination "normal"]
[Board "41"]
[WhiteElo "1077"]
[BlackElo "1331"]
[PlyCount "142"]
[WhiteFideId "1270514"]
[BlackFideId "12942707"]
[EventCountry "GER"]
[EventRounds "11"]
[EventType "swiss"]
[EventDate "2012.05.26"]

1. c4 e5 2. Nc3 g6 3. g3 Bg7 4. Bg2 Nc6 5. Nf3 d6 6. O-O f5 7. d3 Nf6 8. a3 a5
9. Qa4 Bd7 10. Qb3 Rb8 11. e3 O-O 12. c5+ Kh8 13. cxd6 cxd6 14. d4 e4 15. Nd2
Qe7 16. Nc4 Be6 17. Qa4 Bxc4 18. Qxc4 Qf7 19. Qxf7 Rxf7 20. Nb5 Rd7 21. Bd2 Nd5
22. Rab1 b6 23. f3 exf3 24. Bxf3 Nce7 25. Nc3 Nxc3 26. Bxc3 d5 27. g4 Bh6 28.
Bd2 Rf8 29. Rfe1 f4 30. exf4 Bxf4 31. Bc3 Bxh2+ 32. Kxh2 Rxf3 33. Bd2 Rf2+ 34.
Kg3 Rxd2 35. Red1 Rxd1 36. Rxd1 Nc6 37. Kh4 Re7 38. Kg5 Kg7 39. Kf4 Re4+ 40.
Kg3 Rxd4 41. Re1 Re4 42. Rd1 d4 43. Kf3 Re3+ 44. Kf2 Kf6 45. Rxd4 Nxd4 46. Kxe3
Ne6 47. Kf3 Ke5 48. Ke3 h5 49. gxh5 gxh5 50. Kf3 Kd4 51. Kg3 Kc4 52. Kh4 Kb3
53. Kxh5 Kxb2 54. Kg4 Kxa3 55. Kf3 b5 56. Ke2 b4 57. Kd2 b3 58. Kc1 b2+ 59. Kb1
a4 60. Kc2 Ka2 61. Kd3 b1=Q+ 62. Ke3 Nf4 63. Kxf4 Qd3 64. Kg5 Qe4 65. Kh6 Qg4
66. Kh7 Kb3 67. Kh8 Kc4 68. Kh7 Kd5 69. Kh8 Ke6 70. Kh7 Kf7 71. Kh6 Qh4# 0-1

[Event "DEM U12 2012"]
[Site "Oberhof GER"]
[Date "2012.05.29"]
[Round "5"]
[White "Kolchugina, Lada"]
[Black "Schröder, Janina"]
[Result "1-0"]
[Termination "normal"]
[Board "42"]
[WhiteElo "1074"]
[BlackElo "1353"]
[PlyCount "75"]
[WhiteFideId "12929743"]
[BlackFideId "24693138"]
[EventCountry "GER"]
[EventRounds "11"]
[EventType "swiss"]
[EventDate "2012.05.26"]

1. e4 e5 2. Nf3 Nc6 3. Nc3 Nf6 4. Bb5 d6 5. d4 exd4 6. Nxd4 Bd7 7. Bxc6 Bxc6 8.
Qd3 Bd7 9. Bg5 Be7 10. f3 h6 11. Be3 a6 12. O-O-O Be6 13. a3 Qd7 14. g4 O-O-O
15. h3 Kb8 16. f4 Qe8 17. f5 Bd7 18. Nb3 Bc6 19. Qd4 b6 20. Rhg1 Bf8 21. e5 Nd7
22. exd6 Bxd6 23. Na5 Bf3 24. Rde1 Bc5 25. Qf4 bxa5 26. Bxc5 Qg8 27. Re7 Bc6
28. Rd1 f6 29. Ba7+ Kb7 30. Bc5 Kc8 31. b4 a4 32. Ba7 Kb7 33. Kb1 Qf8 34. Re6
Qf7 35. Qc4 Bb5 36. Nxb5 axb5 37. Qc6+ Kc8 38. Qa6# 1-0

[Event "DEM U12 2012"]
[Site "Oberhof GER"]
[Date "2012.05.29"]
[Round "5"]
[White "Kummer, Birte"]
[Black "Du, Katharina"]
[Result "0-1"]
[Termination "normal"]
[Board "43"]
[WhiteElo "963"]
[BlackElo "1275"]
[PlyCount "62"]
[WhiteFideId "12952214"]
[BlackFideId "12945757"]
[EventCountry "GER"]
[EventRounds "11"]
[EventType "swiss"]
[EventDate "2012.05.26"]

1. e4 c5 2. c3 d6 3. Nf3 Nf6 4. e5 dxe5 5. Nxe5 g6 6. Bc4 e6 7. O-O Bg7 8. Bb5+
Nbd7 9. d4 cxd4 10. Qxd4 O-O 11. Nxd7 Bxd7 12. Bxd7 Nxd7 13. Qd3 Ne5 14. Qxd8
Rfxd8 15. Bg5 Rd5 16. Bf4 Nd3 17. Bc1 Rad8 18. Na3 Nxc1 19. Raxc1 a6 20. Nc4 b5
21. Ne3 Rd2 22. Rfd1 Bh6 23. Rxd2 Rxd2 24. Ng4 Bg5 25. Rb1 Rc2 26. g3 Bc1 27.
b3 Rxc3 28. Nf6+ Kh8 29. Ne4 Rc6 30. f4 Be3+ 31. Kf1 Rc2 0-1

[Event "DEM U12 2012"]
[Site "Oberhof GER"]
[Date "2012.05.29"]
[Round "5"]
[White "Steffens, Oliver"]
[Black "Schumacher, Aaron"]
[Result "1-0"]
[Termination "normal"]
[Board "44"]
[WhiteElo "1262"]
[BlackElo "1087"]
[PlyCount "103"]
[WhiteFideId "12947148"]
[EventCountry "GER"]
[EventRounds "11"]
[EventType "swiss"]
[EventDate "2012.05.26"]

1. e4 e6 2. d4 d5 3. Nc3 dxe4 4. Nxe4 Nf6 5. Nxf6+ Qxf6 6. Nf3 c5 7. c3 Bd7 8.
Be3 cxd4 9. Bxd4 Qd8 10. Bd3 Nc6 11. O-O Nxd4 12. Nxd4 e5 13. Re1 Bd6 14. Nf3
Bg4 15. Qa4+ Bd7 16. Bb5 f6 17. Bxd7+ Qxd7 18. Qxd7+ Kxd7 19. Rad1 Ke7 20. Nd4
Kf7 21. Nf5 Bc5 22. b4 Bb6 23. Nd6+ Ke7 24. Nxb7 Rab8 25. Nd6 a5 26. a3 Bc7 27.
Nf5+ Kf7 28. Nxg7 Kxg7 29. Rd7+ Kg6 30. Rxc7 Rbc8 31. Rxc8 Rxc8 32. Rc1 axb4
33. axb4 Kf7 34. Kf1 Ke6 35. Ke2 Kd5 36. Ke3 f5 37. g3 e4 38. f3 Rc4 39. fxe4+
Rxe4+ 40. Kd3 h6 41. Ra1 h5 42. c4+ Ke5 43. Ra5+ Ke6 44. b5 Re5 45. Ra6+ Kd7
46. Rh6 Re6 47. Rxe6 Kxe6 48. Kd4 Kd6 49. c5+ Ke6 50. b6 Kd7 51. Kc4 Kc6 52.
Kd3 1-0

[Event "DEM U12 2012"]
[Site "Oberhof GER"]
[Date "2012.05.29"]
[Round "5"]
[White "Torgashov, Katerina"]
[Black "ter Stal, Esther"]
[Result "1-0"]
[Termination "normal"]
[Board "45"]
[WhiteElo "1222"]
[BlackElo "984"]
[PlyCount "61"]
[WhiteFideId "12938173"]
[BlackFideId "12944467"]
[EventCountry "GER"]
[EventRounds "11"]
[EventType "swiss"]
[EventDate "2012.05.26"]

1. e4 c6 2. Nc3 d5 3. Nf3 Nf6 4. exd5 cxd5 5. d4 Bf5 6. Bb5+ Nbd7 7. Ne5 Bg6 8.
Nxd7 Nxd7 9. Nxd5 e6 10. Nc3 Bb4 11. O-O O-O 12. Ne2 Nf6 13. c3 Bd6 14. Bd3 Bh5
15. Qc2 Qc7 16. Ng3 Bxg3 17. fxg3 Bg6 18. Bf4 Qe7 19. Bg5 Bxd3 20. Qxd3 h6 21.
Bxf6 gxf6 22. Qf3 f5 23. g4 Qg5 24. gxf5 exf5 25. Qxf5 Qe3+ 26. Qf2 Qg5 27. Qf4
Qg6 28. Rf3 Qb6 29. Rg3+ Kh7 30. Qf5+ Kh8 31. Qe5+ 1-0

[Event "DEM U12 2012"]
[Site "Oberhof GER"]
[Date "2012.05.29"]
[Round "5"]
[White "Christiansen, Anna"]
[Black "Nguyen, Ha Thanh"]
[Result "1/2-1/2"]
[Termination "normal"]
[Board "46"]
[WhiteElo "924"]
[BlackElo "1199"]
[PlyCount "72"]
[WhiteFideId "12952230"]
[BlackFideId "12942154"]
[EventCountry "GER"]
[EventRounds "11"]
[EventType "swiss"]
[EventDate "2012.05.26"]

1. e4 c5 2. Nc3 Nc6 3. f4 g6 4. Nf3 Bg7 5. Bb5 d6 6. Bxc6+ bxc6 7. O-O Bg4 8.
Qe1 Bxf3 9. Rxf3 Qc7 10. d3 Nh6 11. Bd2 Rb8 12. Rb1 Bd4+ 13. Kh1 O-O 14. Qh4
Bg7 15. Rff1 Qd7 16. h3 Kh8 17. f5 Ng8 18. fxg6 fxg6 19. Rxf8 Rxf8 20. Ne2 Bf6
21. Bg5 Bxg5 22. Qxg5 Rf2 23. Qe3 Rf8 24. Ng3 Qe6 25. b3 d5 26. Rf1 Rxf1+ 27.
Nxf1 dxe4 28. dxe4 Qf6 29. Ng3 Qd4 30. Qxd4+ cxd4 31. Ne2 c5 32. Kg1 Nf6 33.
Ng3 Kg7 34. Kf2 Nd7 35. Ke2 Kf6 36. Kd3 Ne5+ 1/2-1/2

[Event "DEM U12 2012"]
[Site "Oberhof GER"]
[Date "2012.05.29"]
[Round "5"]
[White "Shevelko, Alexander"]
[Black "Zimmer, Luca"]
[Result "1-0"]
[Termination "normal"]
[Board "47"]
[WhiteElo "1373"]
[BlackElo "1051"]
[PlyCount "95"]
[WhiteFideId "12952125"]
[BlackFideId "12921424"]
[EventCountry "GER"]
[EventRounds "11"]
[EventType "swiss"]
[EventDate "2012.05.26"]

1. d4 e6 2. c4 f5 3. Nc3 Nf6 4. Nf3 d5 5. e3 c6 6. Be2 Bd6 7. O-O O-O 8. Ne5
Nbd7 9. f4 Ne4 10. Nxe4 fxe4 11. b3 Qe7 12. Bb2 Rf6 13. Qd2 a5 14. Rf2 Bb4 15.
Qc2 Nxe5 16. fxe5 Rxf2 17. Kxf2 Bd7 18. a3 Qh4+ 19. Kg1 Be7 20. Rf1 c5 21. a4
b6 22. Ba3 Re8 23. Qc3 cxd4 24. Bxe7 Qxe7 25. Qxd4 Qb4 26. Rb1 Bxa4 27. cxd5
Qxd4 28. exd4 Bd7 29. d6 Bc6 30. Bc4 b5 31. Be2 Ra8 32. Rc1 Bd5 33. d7 Bb7 34.
Rc7 Ba6 35. Ra7 Rd8 36. Rxa6 Rxd7 37. Rxe6 Kf7 38. Rd6 Rxd6 39. exd6 Ke6 40.
Bxb5 Kxd6 41. Bc4 g5 42. Kf2 Ke7 43. Ke3 Kd6 44. Kxe4 Kc6 45. d5+ Kc5 46. Ke5
Kb6 47. d6 Kb7 48. Ba6+ 1-0

[Event "DEM U12 2012"]
[Site "Oberhof GER"]
[Date "2012.05.29"]
[Round "5"]
[White "Frank, Kamila"]
[Black "Lohrmann, Tabea"]
[Result "1/2-1/2"]
[Termination "normal"]
[Board "48"]
[WhiteElo "932"]
[BlackElo "1339"]
[PlyCount "56"]
[WhiteFideId "12952222"]
[BlackFideId "12911941"]
[EventCountry "GER"]
[EventRounds "11"]
[EventType "swiss"]
[EventDate "2012.05.26"]

1. e4 e5 2. Nf3 Nc6 3. Bc4 Bc5 4. O-O Nf6 5. d3 d6 6. c3 Bg4 7. Nbd2 Qd7 8. Re1
O-O-O 9. Nf1 h6 10. Ng3 g5 11. h3 Be6 12. Bb3 g4 13. Bxe6 Qxe6 14. d4 exd4 15.
Nxd4 Nxd4 16. cxd4 Bb4 17. Re3 gxh3 18. a3 Ba5 19. gxh3 Rhg8 20. Kh2 Rg6 21.
Qf3 Rdg8 22. b4 Bb6 23. Bb2 d5 24. e5 Ne4 25. Qf4 Nd2 26. Rc1 Nc4 27. Re2 Nxb2
28. Rxb2 Qe7 1/2-1/2

[Event "DEM U12 2012"]
[Site "Oberhof GER"]
[Date "2012.05.30"]
[Round "7"]
[White "Gungl, Theo"]
[Black "Vogel, Roven"]
[Result "1/2-1/2"]
[Termination "normal"]
[Board "1"]
[WhiteElo "1818"]
[BlackElo "1944"]
[PlyCount "117"]
[WhiteFideId "24695653"]
[BlackFideId "12908088"]
[EventCountry "GER"]
[EventRounds "11"]
[EventType "swiss"]
[EventDate "2012.05.26"]

1. e4 d6 2. d4 Nf6 3. Nc3 g6 4. f4 Bg7 5. Nf3 O-O 6. Bd3 Bg4 7. Be3 Nc6 8. h3
Bxf3 9. Qxf3 Nd7 10. e5 Nb6 11. a3 e6 12. h4 dxe5 13. dxe5 f5 14. Rd1 Qe7 15.
Qf2 Rfd8 16. Bc5 Qf7 17. O-O Bf8 18. Bxf8 Qxf8 19. Be2 Qe7 20. g3 Na5 21. b4
Nc6 22. Qe3 Kf7 23. Kf2 h5 24. Kg2 Qf8 25. Rh1 Ne7 26. Kf2 Ned5 27. Nxd5 Nxd5
28. Qb3 Qe8 29. c4 Nb6 30. Bf3 c6 31. Rhe1 Qe7 32. Kg2 Rac8 33. a4 Rc7 34. a5
Na8 35. c5 a6 36. Rd6 Rcd7 37. Red1 Nc7 38. Qd3 Ke8 39. Qb3 Kf7 40. Be2 Ne8 41.
Rxd7 Rxd7 42. Bc4 Rxd1 43. Qxd1 Qc7 44. Kf3 Ke7 45. Ke3 Qd7 46. Qb3 Nc7 47. Qc3
Qd1 48. Kf2 Qh1 49. Qd3 Nd5 50. Bxd5 cxd5 51. Qc3 Qh2+ 52. Kf3 Qh1+ 53. Kf2 Kd7
54. c6+ bxc6 55. Qc5 Qh2+ 56. Kf3 Qh1+ 57. Kf2 Qh2+ 58. Kf3 Qh1+ 59. Kf2
1/2-1/2

[Event "DEM U12 2012"]
[Site "Oberhof GER"]
[Date "2012.05.30"]
[Round "7"]
[White "Martin, Julian"]
[Black "Schmidek, Emil"]
[Result "1-0"]
[Termination "normal"]
[Board "2"]
[WhiteElo "1627"]
[BlackElo "1800"]
[PlyCount "167"]
[WhiteFideId "12941000"]
[BlackFideId "12908150"]
[EventCountry "GER"]
[EventRounds "11"]
[EventType "swiss"]
[EventDate "2012.05.26"]

1. e4 e5 2. Nf3 Nc6 3. Bc4 Nf6 4. d3 Be7 5. c3 O-O 6. O-O d5 7. exd5 Nxd5 8.
Re1 Bg4 9. h3 Bh5 10. Nbd2 Nb6 11. Bb5 f6 12. Nf1 Qd5 13. Bxc6 Qxc6 14. g4 Bg6
15. Ng3 Rad8 16. d4 Bc5 17. b4 Bd6 18. Bd2 Nc4 19. Bc1 Rfe8 20. d5 Qb6 21. Qb3
e4 22. Qxc4 Bxg3 23. Be3 Qd6 24. Nd4 Bh2+ 25. Kg2 Bf4 26. Ne6 Bxe3 27. Nxd8
Bxf2 28. Kxf2 Qh2+ 29. Ke3 Qxh3+ 30. Kd2 Rxd8 31. d6+ Kh8 32. Kc2 e3+ 33. Kb3
cxd6 34. Rad1 Qh2 35. Re2 Qe5 36. Rde1 Qg5 37. Rxe3 a5 38. a3 a4+ 39. Kb2 Rf8
40. R1e2 Bf7 41. Qe4 h6 42. Qxb7 Qxg4 43. Qe7 Qc8 44. Qxd6 Rg8 45. Re4 Qh3 46.
Rh2 Qf3 47. Reh4 Rc8 48. Qd2 Kg8 49. Rd4 Qf5 50. Re2 Be6 51. Rd8+ Rxd8 52.
Qxd8+ Kh7 53. Qe8 Bd5 54. Qxa4 Qg4 55. Qc2+ Kg8 56. Re8+ Kf7 57. Qe2 Qd7 58.
Re3 Be6 59. c4 Qd4+ 60. Rc3 Qh4 61. c5 Qh1 62. Qd2 Qc6 63. Qd3 Qg2+ 64. Rc2 Qc6
65. b5 Qc7 66. Qc3 Qb7 67. a4 Qd5 68. Ka3 h5 69. Rd2 Qe4 70. c6 h4 71. Rd4 Qg2
72. Rxh4 Qa2+ 73. Kb4 Qb1+ 74. Ka5 Qg1 75. Rd4 Qh2 76. c7 Qf2 77. Qd2 Qf5 78.
Rd6 Qc5 79. Rxe6 Kxe6 80. Qd8 Qa7+ 81. Kb4 Ke5 82. c8=Q Qg1 83. Qc5+ Qxc5+ 84.
Kxc5 1-0

[Event "DEM U12 2012"]
[Site "Oberhof GER"]
[Date "2012.05.30"]
[Round "7"]
[White "Urban, Konstantin"]
[Black "Lagunow, Raphael"]
[Result "0-1"]
[Termination "normal"]
[Board "3"]
[WhiteElo "1766"]
[BlackElo "1860"]
[PlyCount "114"]
[WhiteFideId "12927511"]
[BlackFideId "24652644"]
[EventCountry "GER"]
[EventRounds "11"]
[EventType "swiss"]
[EventDate "2012.05.26"]

1. e4 c5 2. Nf3 Nc6 3. d4 cxd4 4. Nxd4 g6 5. Nxc6 bxc6 6. Nc3 Bg7 7. Bd3 d6 8.
O-O Nf6 9. Kh1 O-O 10. f4 Qb6 11. Qe1 Bb7 12. Bd2 c5 13. Qh4 c4 14. Bxc4 Nxe4
15. Nxe4 Bxe4 16. Bb3 Qc6 17. Qg3 Bxb2 18. Rab1 Bg7 19. Rbe1 e6 20. Qf2 Rfc8
21. Be3 a5 22. a4 Rab8 23. Rb1 d5 24. Rg1 Qc3 25. Rgd1 Qc6 26. Rg1 Rd8 27. Rbd1
Rbc8 28. Rd2 Bc3 29. Rdd1 Rd7 30. Bd4 Rb7 31. Bxc3 Qxc3 32. Rd2 Qc5 33. Qe2
Rbc7 34. Re1 Qc3 35. Red1 Qf6 36. Qf2 Rc3 37. Kg1 Qe7 38. Re1 Qc5 39. Ree2
Qxf2+ 40. Kxf2 Kg7 41. Re3 Kf6 42. g3 Ke7 43. Ke2 h5 44. Kf2 h4 45. gxh4 Rxe3
46. Kxe3 Rh8 47. Kd4 Kd6 48. c4 Rxh4 49. cxd5 exd5 50. Bd1 Rxf4 51. Ke3 g5 52.
Be2 Rh4 53. Bb5 f5 54. Rf2 Ke5 55. Kd2 f4 56. Bf1 g4 57. Bg2 Rxh2 0-1

[Event "DEM U12 2012"]
[Site "Oberhof GER"]
[Date "2012.05.30"]
[Round "7"]
[White "Pallas, Sebastian"]
[Black "Kitze, Alexander"]
[Result "1/2-1/2"]
[Termination "normal"]
[Board "4"]
[WhiteElo "1793"]
[BlackElo "1811"]
[PlyCount "43"]
[WhiteFideId "12905453"]
[BlackFideId "12914827"]
[EventCountry "GER"]
[EventRounds "11"]
[EventType "swiss"]
[EventDate "2012.05.26"]

1. e4 e5 2. Nf3 Nc6 3. Bb5 Nf6 4. O-O Nxe4 5. Re1 Nd6 6. Nxe5 Be7 7. Bf1 Nxe5
8. Rxe5 O-O 9. d4 Bf6 10. Re1 Re8 11. c3 Rxe1 12. Qxe1 Qe8 13. Qxe8+ Nxe8 14.
Bd3 d5 15. Bf4 Be7 16. Nd2 Bd6 17. Re1 Be6 18. Bxd6 Nxd6 19. h3 h6 20. Kf1 Kf8
21. Nf3 Re8 22. Ne5 1/2-1/2

[Event "DEM U12 2012"]
[Site "Oberhof GER"]
[Date "2012.05.30"]
[Round "7"]
[White "Dürr, Florian"]
[Black "Rätzke von Stoyentin, Steffen"]
[Result "1-0"]
[Termination "normal"]
[Board "5"]
[WhiteElo "1934"]
[BlackElo "1741"]
[PlyCount "101"]
[WhiteFideId "24659134"]
[BlackFideId "12907502"]
[EventCountry "GER"]
[EventRounds "11"]
[EventType "swiss"]
[EventDate "2012.05.26"]

1. e4 c5 2. Nf3 Nf6 3. Nc3 Nc6 4. d4 d5 5. Bb5 cxd4 6. Qxd4 dxe4 7. Bxc6+ bxc6
8. Qxd8+ Kxd8 9. Ne5 Ke8 10. Nxc6 Bb7 11. Na5 Ba6 12. Bg5 Rc8 13. O-O-O Rc5 14.
Bxf6 exf6 15. Nb3 Re5 16. Rd4 f5 17. Rhd1 Be7 18. Ra4 Re6 19. Nd5 Bd6 20. Nd4
Re5 21. Rxa6 Rxd5 22. Nxf5 Bf4+ 23. Ne3 Rxd1+ 24. Kxd1 Bb8 25. Ra4 f6 26. Rxe4+
Kf7 27. Ke2 Rc8 28. c4 g6 29. f4 f5 30. Rd4 Ke6 31. g3 Bd6 32. b3 Rc6 33. Nd5
a5 34. Rd2 Bc5 35. Kf3 Kf7 36. Re2 Rc8 37. g4 fxg4+ 38. Kxg4 h6 39. Re4 Rg8 40.
h4 h5+ 41. Kg5 Rf8 42. f5 gxf5 43. Re5 Rh8 44. Rxf5+ Kg7 45. Rf6 Re8 46. Ra6
Bf2 47. Rxa5 Bg3 48. Ra7+ Kf8 49. Kg6 Re6+ 50. Nf6 Re7 51. Ra8+ 1-0

[Event "DEM U12 2012"]
[Site "Oberhof GER"]
[Date "2012.05.30"]
[Round "7"]
[White "Baberz, Alexander"]
[Black "Muckle, Julius"]
[Result "1-0"]
[Termination "normal"]
[Board "6"]
[WhiteElo "1815"]
[BlackElo "1541"]
[PlyCount "119"]
[WhiteFideId "12921734"]
[BlackFideId "12942430"]
[EventCountry "GER"]
[EventRounds "11"]
[EventType "swiss"]
[EventDate "2012.05.26"]

1. d4 d5 2. Nf3 c6 3. c4 Nf6 4. Nc3 e6 5. cxd5 exd5 6. Qc2 Nbd7 7. Bg5 Be7 8.
e3 O-O 9. Bd3 Re8 10. O-O Nf8 11. Rab1 Bg4 12. Ne5 Bh5 13. b4 Ne4 14. Bxe7 Qxe7
15. Nxe4 dxe4 16. Be2 Bxe2 17. Qxe2 Nd7 18. Nxd7 Qxd7 19. f4 exf3 20. Rxf3 Qxd4
21. exd4 Rxe2 22. Rf2 Re4 23. Rd2 Rd8 24. b5 c5 25. b6 a6 26. Rc1 Rexd4 27.
Rxd4 cxd4 28. Kf2 d3 29. Ke3 d2 30. Rd1 Kf8 31. Rxd2 Rxd2 32. Kxd2 Ke7 33. a4
Kd6 34. Kc3 Kc5 35. a5 Kb5 36. Kd4 Kxa5 37. Kc5 Ka4 38. Kd6 Kb3 39. Kc7 a5 40.
Kxb7 a4 41. Kc6 a3 42. b7 a2 43. b8=Q+ Kc2 44. Qe5 Kb1 45. Qxg7 a1=Q 46. Qxa1+
Kxa1 47. Kd6 Kb2 48. Ke7 f5 49. Ke6 f4 50. Ke5 Kc2 51. Kxf4 Kd2 52. Kg5 Ke2 53.
Kh6 Kf2 54. Kxh7 Kxg2 55. h4 Kf3 56. h5 Ke4 57. Kg7 Kf5 58. h6 Kg5 59. h7 Kf5
60. h8=Q 1-0

[Event "DEM U12 2012"]
[Site "Oberhof GER"]
[Date "2012.05.30"]
[Round "7"]
[White "Zienert, Richard"]
[Black "Höglauer, Patrick"]
[Result "0-1"]
[Termination "normal"]
[Board "7"]
[WhiteElo "1649"]
[BlackElo "1847"]
[PlyCount "80"]
[WhiteFideId "12945986"]
[BlackFideId "1270548"]
[EventCountry "GER"]
[EventRounds "11"]
[EventType "swiss"]
[EventDate "2012.05.26"]

1. e4 c5 2. Nf3 e6 3. d4 cxd4 4. Nxd4 a6 5. Bd3 Nc6 6. Nxc6 dxc6 7. O-O e5 8.
Kh1 Nf6 9. f4 Bc5 10. f5 b5 11. Qe1 Qd4 12. Qg3 g6 13. fxg6 hxg6 14. Qf3 Be7
15. Bg5 Bg4 16. Qg3 Be2 17. Bxf6 Bxf1 18. Bxh8 Bxd3 19. Bxe5 Qc5 20. Qxd3 Qxe5
21. c3 Rd8 22. Qf1 Bd6 23. Qg1 Bc5 24. Qf1 Bd6 25. Qg1 Bc5 26. Qf1 Qxe4 27. Nd2
Rxd2 28. Re1 Be3 29. Qg1 Rd3 30. Qf1 Kf8 31. Qf6 Qf4 32. Qxc6 Qf2 33. Rb1 Qxb2
34. Rf1 Qf2 35. Rb1 Rd2 36. Qb7 Re2 37. Qb8+ Kg7 38. Qe5+ Kh7 39. Qg3 Qxg3 40.
hxg3 Rxa2 0-1